Every African Flag - Sudden Death - Statistics

General Stats
  • This quiz has been taken 77,545 times
  • The average score is 29 of 54
Answers on the Grid
Answers color-coded by a green-red scale on the quiz's grid according to % correct below.
 
Answer Stats
Answer % Correct
Egypt
91%
Ethiopia
83%
Algeria
77%
Comoros
75%
Tunisia
74%
Zambia
74%
Madagascar
71%
Burkina Faso
70%
Eritrea
69%
Tanzania
69%
Cameroon
63%
Uganda
63%
Equatorial Guinea
62%
Ghana
62%
Zimbabwe
60%
South Africa
60%
Morocco
59%
Angola
59%
Eswatini
58%
Kenya
58%
Central African Republic
54%
Senegal
54%
Nigeria
54%
Benin
53%
Namibia
53%
Mozambique
52%
Rwanda
49%
Guinea
49%
Lesotho
49%
Malawi
49%
Democratic Republic of the Congo
49%
Somalia
49%
Togo
48%
Niger
48%
Guinea Bissau
47%
Burundi
47%
Chad
46%
Mali
46%
Botswana
46%
Gambia
45%
Seychelles
45%
Gabon
44%
Liberia
43%
Djibouti
43%
Mauritania
43%
Republic of the Congo
43%
São Tomé and Príncipe
43%
Cape Verde
42%
Sierra Leone
41%
Ivory Coast
40%
Libya
40%
South Sudan
39%
Mauritius
39%
Sudan
34%
No matching quizzes found
Score Distribution
Percent of People with Each Score
Percentile by Number Answered
Your Score History
You have not taken this quiz